000 00383nam a2200145Ia 4500
008 210210b1991 xxu||||| |||| 00| 0 eng d
020 _a81 7024 430 7
082 _a364.36 MISJ
100 _aMISHRA (B N).
245 _aJuvenile delinquency and justice system.
260 _aNew Delhi.
_bAshish Publishing House.,
_c1991
300 _a152
690 _aCriminology
906 _a048053
999 _c97280
_d97280